| 000 | 00726nam a22001457a 4500 | ||
|---|---|---|---|
| 003 | OSt | ||
| 005 | 20160330084755.0 | ||
| 008 | 160330b xxu||||| |||| 00| 0 eng d | ||
| 040 | _cRUA | ||
| 082 | _aAGR ROE 2006 B472 Or.1 | ||
| 100 |
_98227 _aROEURN SIRANET; រឿន ស៊ីរ៉ាណេត |
||
| 245 | _aEffect of nitrogen fertilizer on chinese cabbage at crop station of royal university agriculture, ឥទ្ធិពលជីអាសូតដំណាំស្ពៃក្រញ៉ាញ់ នៅក្នុងស្ថានីយ៍ពិសោធន៍ដំណាំ នៃសាកលវិទ្យាល័យភូមិន្ទកសិកម្ម | ||
| 300 |
_axv,41p. _bill. _c29cm. |
||
| 942 |
_2ddc _cAGR |
||
| 999 |
_c7853 _d7853 |
||